[Event "Sarajevo Bosnia 34th"]
[Site "Sarajevo"]
[Date "2004.05.22"]
[Round "5"]
[White "Shirov, Alexei"]
[Black "Atalik, Suat"]
[Result "1-0"]
[WhiteElo "2713"]
[BlackElo "2558"]
[Annotator "Atalik,S"]
[PlyCount "79"]
[EventDate "2004.05.18"]
[EventType "tourn"]
[EventRounds "9"]
[EventCountry "BIH"]
[EventCategory "15"]
[SourceTitle "CBM 101"]
[Source "ChessBase"]
[SourceDate "2004.07.27"]
[SourceVersion "1"]
[SourceVersionDate "2004.07.27"]
[SourceQuality "1"]

1. e4 e5 2. Nf3 Nc6 3. Bb5 a6 4. Ba4 Nf6 5. O-O Be7 6. Re1 b5 7. Bb3 d6 8. c3
O-O 9. h3 Na5 10. Bc2 c5 11. d4 cxd4 12. cxd4 Bb7 {The Borisenko-Antoshin line.
It is extremely risky business. Somehow before the game I have liked the idea
of 'do or die' but now I do not know!} 13. d5 $1 (13. Nc3 Rc8 (13... Qc7 14. d5
Rac8 {is almost the same thing.}) 14. d5 Qc7 (14... Nd7 $13) 15. Re2 Nd7 $13 (
15... Nh5 16. Bd3 g6 17. Bh6 Ng7 18. Rc2 Qd7 $13)) (13. b3 Nc6 14. Nc3 $1 Rc8
15. Bb2 Nxd4 16. Nxd4 exd4 17. Qxd4 Re8 18. Rad1 Bf8 19. Bb1 Qe7 $13 {
Ljubojevic-Romanishin,Reggio Emilio 1991.}) 13... Rc8 14. Nbd2 {Alyosha
changes the move.} ({Before this game running into the same position against
Ivan he has prefered} 14. b3 Qc7 15. Bd3 Nh5 16. Bd2 (16. a4 b4 17. Bd2 f5 18.
Bxb4 Qb6 19. Bxa5 Qxa5 $44) 16... Nf4 17. Bxf4 exf4 18. Nbd2 Bf6 $1 19. Rb1 (
19. Rc1 Qxc1 20. Qxc1 Rxc1 21. Rxc1 Rc8 22. Rxc8+ Bxc8 23. b4 Nb7 24. Nb3 Bc3
25. Nbd4 Nd8 $1 26. Nc2 f6 27. Nfd4 Nf7 28. Kf1 Ne5 29. Ke2 g5 $40) 19... Qb6
20. Qe2 b4 21. e5 dxe5 22. Nxe5 Qd8 23. Ndf3 Bxe5 24. Qxe5 Qxd5 25. Bxa6 Qxe5
26. Rxe5 Bxa6 27. Rxa5 Ra8 $132 {Shirov-I.Sokolov,Sarajevo(03) 2004.}) 14...
Nh5 15. Nf1 Nc4 {Time to pull out the knight out of there!} (15... Nf4 $6 16.
Ne3 $1 (16. Bxf4 $2 exf4 17. b3 Bf6 18. Rb1 Bc3 $36) 16... g6 17. b3 $16) 16.
a4 $5 {Having realized that my queenside is under attack I have decided there
ain't no difference between Na5 or Na3.} (16. Bd3 Nf4 17. b3 Nxd3 18. Qxd3 Nb6
19. Ne3 g6 $14) 16... b4 $5 {Of course this pawn may never come back!} (16...
f5 $5 17. axb5 axb5 18. b3 Nb6 19. Ra7 Rc7 $13) 17. b3 Na3 {Never retreat!} (
17... Na5 18. Bd2 Qb6 19. Ne3 g6 20. Rc1 Nf4 21. Ng4 h5 22. Ngh2 Bf6 23. Be3
Qd8 24. h4 $1 $16) 18. Bd3 a5 $2 {Too aggressive. Here in this position I have
lost the trend of the game. This pawn sacrifice is absolutely unnecessary.} (
18... Nf4 19. Bxf4 exf4 20. Qd2 Qb6 21. Rac1 (21. Qxf4 Rc3 22. Rad1 Rxb3 23.
Ne3 g6 $13) 21... Rc3 22. Rxc3 bxc3 23. Qxc3 Bf6 $13) 19. Nxe5 Bf6 20. Qxh5
Bxe5 21. Ra2 Rc3 22. Qd1 Qf6 $1 {After some forced moves the type of position
I was aiming for appeared over the board alas most likely it is a losing one!}
23. Re3 $1 {Excellent move but I am not sure it was based on perfect
calculation.} (23. Ne3 Bc8 $44) 23... Rfc8 24. Bd2 R3c5 25. Rf3 Qd8 26. Ne3
R8c7 {In this position I started to lick my chops but infact my big time
thraeat Qc8 turns out to be toothless.} 27. Ng4 $1 (27. Nf5 $6 Bc8 $1) 27...
Qc8 {Now some funny theatrical scene started. When I was standing proud and
tall my opponent who obviously did not see my last was getting nervous and
burning time.} 28. Bf1 $8 {OK this one is forced!} Rc1 {And there ain't no way
back!} (28... Nc2 29. Nxe5 dxe5 30. Rg3 $16) (28... Ba6 29. Nxe5 Rc1 30. Bxc1
Rxc1 31. Qd4 {This is the difference compared to the game continuation, the
possibility of Qd4 makes black to lose another pawn.} dxe5 32. Qxe5 Rxf1+ 33.
Kh2 $18) 29. Bxc1 Rxc1 30. Qd2 Ba6 (30... Nb1 $2 {Later some Turkish fake IM 
(they are getting bigger in numbers these days) suggested the obviously
moronic move} 31. Qg5 f6 32. Nxf6+ Bxf6 33. Rxf6 Rxf1+ 34. Kxf1 Ba6+ 35. Kg1
$18) 31. Nxe5 Rxf1+ {Delaying this and capturing f1 by Bad Bischoff (sorry
Klaus) is also in vain.} (31... dxe5 32. Kh2 Bxf1 33. d6 Rc6 34. Qd5 Qd7 35.
Rd2 $18) 32. Kh2 dxe5 33. d6 Bb7 $2 $138 {All of a sudden I have realised that
stopping the pawn on the 7th loses another pawn but anyway this is the only
way to continue the game.} (33... Qd7 34. Qd5 Bb7 (34... Bc8 35. Qxe5) 35. Qxe5
{This is my choice after the game Alyosha was telling that he had inclination
towards the other capture.} (35. Qxa5 $2 Qxd6 36. Qa7 (36. Rd2 $2 Qxd2 37. Qc7
f6 38. Qb8+ Kf7 39. Qxb7+ Kf8 $11 (39... Ke6 $2 40. Qa6+ $1 $18)) 36... Qc7 37.
a5 (37. Rd3 h6 (37... h5 38. Rad2 Nb1 (38... Kh7 39. Qe3 Qc1 40. Qg5) 39. Rd7
Qc6 40. R2d3 (40. R2d5 $2 Qc1 41. Qb8+ Kh7 42. Qxe5 Bxd5 43. Qxh5+ Qh6 44.
Qxh6+ Kxh6 45. exd5 Rxf2 $17) 40... Qxe4 41. Qxb7 Qf4+ 42. g3 Rxf2+ 43. Kg1
Rf1+ $11) 38. Rad2 Nb1 39. Rd7 Qc6 $40) 37... h5 38. a6 Qc1 39. Qb8+ (39. axb7
$2 Rh1+ 40. Kg3 Qg5#) 39... Bc8 40. Kg3 $13) 35... Re1 (35... f6 36. Qd4 (36.
Qxa5 $2 Qxd6+ 37. Rg3 Bxe4 $13) (36. Qe7 $5 Qxe7 37. dxe7 Kf7 38. Rf5 Kxe7 $1 (
38... Rb1 39. Rxa5) 39. Rxa5 Rd1 40. Ra7 Rd7 41. f3 $16) 36... Rc1 (36... Re1
37. Re3 $1 (37. Rf4 Bc6) 37... Rxe3 38. fxe3 $18) 37. Rf5 $18) 36. Rd2 $1 (36.
Re3 Rxe3 37. fxe3 Nb1 38. Rc2 (38. Qf5 $2 Qxf5 39. exf5 Kf8 $17) 38... Nc3 39.
Qxa5 Nxe4 40. Qc7 Qxd6+ 41. Qxd6 Nxd6 42. Rd2 Ne8 43. Rd4 $18) (36. Rg3 $2 f6
37. Qxa5 Qxd6 38. Rxa3 Qd1 39. Rxg7+ Kxg7 40. Qxb4 Bxe4 41. Qe7+ Kg6) (36. Qe7
Qxe7 37. dxe7 Rxe4 38. Rd2 f6 39. Rd7 Bc6 40. Rc7 Be8 41. Rf5 Kf7 42. Rxa5 Rxe7
43. Rxe7+ Kxe7 44. Ra7+ Bd7 45. Rb7 Kd6 46. Rxb4 $16) 36... Rxe4 37. Qxa5 Nb1
38. Rdd3 $18) 34. d7 Qd8 35. Rd3 $1 {This is the thing I have missed! Now he
has double threat.} ({Even after} 35. Qd6 f6 36. Rxa3 $1 bxa3 37. Qe6+ Kf8 38.
Rc3 Rd1 39. Rc8 Rxd7 40. Rxd8+ Rxd8 {he is winning with which I have missed
during the game.} 41. Qb6 $1 $18) 35... f6 (35... Bxe4 36. Rd6 $18 {Now white
has double threat 37.Ra3 ba3 38.Qa5! and 37.Qe2.}) (35... g6 36. Qe3 Nb1 37.
Rd6 Nc3 38. Rad2 Nxe4 39. Qb6 $18) (35... Nb1 36. Qe3 f6 37. Rc2 Nc3 38. Qc5 $1
Kf7 39. Qc4+ Ke7 40. Rdxc3 bxc3 41. Qxf1 $18) 36. Rd6 $18 {Now the game is
stone - cold lost for black.} Kf7 (36... Kf8 37. Re6 $1 $18) 37. Qe2 $5 {
The most elegant finish.} (37. Qe3 Ke7 38. Qb6 $18) (37. Rb6 Bxe4 38. Rb8 Qxb8
39. d8=Q Qxd8 40. Qxd8 $18) 37... Rc1 38. Qh5+ Ke7 {I have thought I was
defending my e6 but...} (38... Kf8 39. Re6 Qxd7 40. Rd2 Qc8 41. Red6 $18) 39.
Re6+ $1 Kxd7 (39... Kxe6 40. Qe8+) 40. Rd2+ 1-0

[Event "EU-ch 12th"]
[Site "Aix les Bains"]
[Date "2011.03.30"]
[Round "8"]
[White "Sutovsky, Emil"]
[Black "Lenic, Luka"]
[Result "1-0"]
[WhiteElo "2692"]
[BlackElo "2623"]
[Annotator "Breutigam,M"]
[PlyCount "73"]
[EventDate "2011.03.22"]
[EventType "swiss"]
[EventRounds "11"]
[EventCountry "FRA"]
[SourceTitle "CBM 142 Extra"]
[Source "ChessBase"]
[SourceDate "2011.06.27"]
[SourceVersion "1"]
[SourceVersionDate "2011.06.27"]
[SourceQuality "1"]

1. e4 e5 2. Nf3 Nc6 3. Bb5 a6 4. Ba4 Nf6 5. O-O Be7 6. Re1 b5 7. Bb3 d6 8. c3
O-O 9. h3 Na5 10. Bc2 c5 11. d4 Nd7 (11... Bb7 12. d5) 12. Kh1 $5 {This
mysterious waiting move was played for the first time by Vladimir Kramnik in
Linares 2003 (against Ruslan Ponomariov). As with 12.b3, White more or less
leaves his opponent the move. Black now has to take a decision: if he
exchanges on d4, the knight on b1 goes to its favourite square c3; and after
moves such as 12...Re8, 12...Bb7, 12...Bf6 or 12...Qc7, White plays the
delayed 13.d5, in the hope that Black's 12th move does not harmonise quite so
well with the usual counterplay (e.g. ...f5).  12.Kh1 is moreover not so
useless; in many cases White later plays g2-g4 perhaps and if after that the
g-file should open up, it could immediately be occupied by his rook. Dieser
mysteriöse Abwartezug wurde zum ersten Mal von Vladimir Kramnik in Linares
2003 gespielt (gegen Ruslan Ponomariov). Wie bei 12.b3 überlässt Weiß dem
Gegner quasi das Zugrecht. Schwarz muss jetzt eine Entscheidung treffen:
Tauscht er auf d4, bekommt der Springer b1 das Lieblingsfeld c3; und auf Züge
wie 12...Re8, 12...Bb7, 12...Bf6 oder 12...Qc7, spielt Weiß das verzögerte 13.
d5, in der Hoffnung, dass der 12. zug von Schwarz nicht so gut mit dem
üblichen Gegenspiel harmoniert (z.B. ...f5).  Ganz nutzlos ist 12.Kh1 übrigens
auch nicht, in manchen Fällen spielt Weiß später vielleicht g2-g4 und wenn
sich danach die g-Linie öffnen sollte, könnte diese sofort vom Turm besetzt
werden.} ({At the same ECh GM Luka Lenic, three rounds after his game against
Sutovsky, was faced by another rare but not so mysterious move. But he had no
trouble keeping things level: GM Luka Lenic bekam bei derselben EM, drei
Runden nach seiner Partie gegen Sutovsky, noch einen anderen seltenen, aber
weniger mysteriösen Zug vorgesetzt. Er hatte aber keine Mühe, die Balance zu
halten:} 12. a4 Bb7 (12... Rb8 $5 13. axb5 axb5 14. dxc5 dxc5 15. Nbd2 Bb7 16.
Nf1 Nc4 17. Ne3 Nxe3 18. Bxe3 Qc7 19. Qe2 c4 20. Ra7 Nc5 21. Nd2 Qc6 22. f3 Ne6
23. Kh2 Rfd8 24. b4 Nd4 25. Qd1 Bh4 26. Rf1 Nxc2 27. Qxc2 Rd3 28. Bc5 Rbd8 29.
Nb1 Bg5 30. Kh1 Bf4 31. Bg1 f5 32. exf5 e4 {0-1 Borisek,J (2541)-Karjakin,S 
(2763), Porto Carras 2011.}) 13. d5 Qc7 14. Qe2 Nb6 15. Bd2 bxa4 16. Bxa4 Nxa4
17. Rxa4 Nb3 18. Be3 Rfb8 19. Nbd2 Bc8 20. Nxb3 Rxb3 21. Rea1 a5 22. R4a2 Bd7
23. Nd2 Rb7 24. Qd1 Bb5 25. Ra3 g6 26. R1a2 Kg7 27. b3 Rba7 28. Qa1 Ra6 29. c4
Bd7 30. Nb1 Rb6 31. Bd2 Qb7 32. Rb2 a4 33. Bc3 Rb8 34. Nd2 Bg5 35. Nf3 Bf6 36.
Nd2 Bg5 37. Nf3 Bf6 38. Nd2 Bg5 {1/2-1/2 Akopian,V (2675)-Lenic,L (2623),
Aix-les-Bains 2011.}) 12... Bb7 ({Another move which is playable here, though
a little bit of a concession, is Spielbar, obwohl ein kleines Zugeständnis ist
auch hier} 12... exd4 13. cxd4 {[%csl Gc3][%cal Gb1c3] Here we can see a
slight difference between the waiting moves 12.b3 and 12.Kh1. In this case,
should the black bishop pop up on f6 White has not been weakened so much on
the a1-h8 diagonal.  Hier zeigt sich ein kleiner Unterschied zwischen den
Wartezügen 12.b3 und 12.Kh1. In diesem Fall ist Weiß, wenn der schwarze Läufer
auf f6 auftaucht, weniger geschwächt auf der Diagonale a1-h8.} Bb7 (13... Nc6
14. Nc3 Bf6 15. dxc5 dxc5 16. Bf4 $14) 14. Nc3 Re8 (14... Rc8 15. Nd5 Bxd5 16.
exd5 Nb6 $2 17. dxc5 dxc5 18. Qd3 g6 19. Bh6 Bf6 20. Bxf8 Qxf8 21. a4 Nac4 22.
axb5 axb5 23. Ra6 Rd8 24. Qb3 Nxd5 25. Qxb5 Nd2 26. Nxd2 Nc7 27. Qc4 Rd4 28.
Rxf6 Rxc4 29. Nxc4 Nd5 30. Rf3 Nb4 31. Bb3 {1-0 Bologan,V (2661)-Graf,A (2604),
Dresden 2006.}) 15. dxc5 (15. Nd5 Bxd5 16. exd5 Nf6 $11) (15. Bf4 Nc4 16. b3
Ncb6 17. Qd2 Rc8 18. a3 cxd4 19. Nxd4 g6 20. Nde2 Bf8 21. f3 d5 22. exd5 Nxd5
23. Nxd5 Bxd5 24. Nc3 Rxe1+ 25. Rxe1 Be6 26. b4 Qh4 27. Rxe6 fxe6 28. Bg5 Qc4
29. Qxd7 Qc6 30. Qxc6 Rxc6 31. Bf6 Bg7 32. Be4 Rxc3 33. Bxc3 {1/2-1/2 Navara,D
(2638)-Mecking,H (2567), Wijk aan Zee 2009.}) 15... Nxc5 $5 (15... dxc5 $5) 16.
Nd5 $6 ({The critical test is Der kritische Test ist:} 16. b4 $5 Bf6 17. Bd2 {
with complications far too deep for human minds to plumb, e.g. mit für
Menschenhirne kaum zu bewältigenden Komplikationen, z.B.} Nc4 18. bxc5 dxc5 19.
e5 $1 Bxf3 20. Qxf3 Qxd2 (20... Nxd2 21. Qf5) 21. Be4 Nxe5 22. Bxa8 Rf8 $1 23.
Qg3 Nd3 $1 24. Ne4 Nxf2+ 25. Nxf2 Bxa1 26. Rxa1 Rxa8 27. Kh2 $14) 16... Bxd5
17. Qxd5 Rc8 18. Bd2 (18. Ng5 Bxg5 19. Bxg5 Qd7 $11) 18... Nc4 19. Bb3 Bf6 20.
Bxc4 $2 bxc4 21. Qxc4 Nxe4 22. Qxa6 Nxf2+ 23. Kh2 Ne4 24. Qd3 Bxb2 25. Rab1
Nxd2 26. Qxd2 Rxe1 27. Qxe1 Bf6 28. Rb7 g6 29. Qb4 Kg7 30. a4 Bc3 31. Qg4 Rc5
32. h4 Qf6 33. Kh3 Be5 34. Rb5 h5 35. Qg5 Qe6+ {0-1 Enders,P (2433)-Graf,A 
(2610), Bad Koenigshofen 2007.}) ({Former champion Oleg Romanishin prefers
instead of waiting moves like 12.b3 or 12.Kh1 the manoeuvre Altmeister Oleg
Romanishin bevorzugt auf Wartezüge wie 12.b3 oder 12.Kh1 das Manöver} 12... Re8
13. d5 Nf8 {[%csl Gg6][%cal Gf8g6]} 14. b3 Ng6 15. Be3 Rf8 16. Nbd2 Nb7 17. a4
Bd7 18. Ra2 bxa4 19. bxa4 Na5 20. Qe2 Qc8 21. Rb2 f5 22. exf5 Bxf5 23. Ne4 Qd7
24. Reb1 Bd8 25. c4 Nf4 26. Bxf4 exf4 27. Bd3 h6 28. Qc2 Be7 29. Rb6 Ra7 30.
Rb8 Bd8 31. Nxc5 Bxd3 32. Nxd3 Rc7 33. c5 dxc5 34. Nde5 Qd6 35. Qc3 Ra7 36. Rc8
Qxd5 37. Rxc5 Qa2 38. Rd1 Qxa4 39. Rxd8 Rxd8 40. Rxa5 Qe4 41. Kh2 Kh7 42. Qc6
Qb1 43. Ra4 Qf5 44. Qb6 Raa8 45. Ra5 Rd1 46. Qb4 Rc8 47. Ra4 a5 48. Qxf4 Qxf4+
49. Rxf4 Ra1 50. Rf7 Re8 51. Ra7 a4 52. Nd7 Kg8 53. Nfe5 a3 54. f4 a2 55. Kg3
Rd8 56. Nc5 Re8 57. Ncd3 Rd8 58. Nb4 Rd2 59. Nbd3 Rc2 60. Nb4 Rb2 61. Nbd3 Rc2
62. Nb4 {1/2-1/2 Bologan,V (2700)-Romanishin,O (2559), Warsaw 2005.}) 13. d5
Nc4 $5 {This is slightly reminiscent of the Romanishin Variation in which
Black plays 11...Bb7 (instead of Keres' 11...Nd7), after 12.d5 Nc4 a very
similar position appears on the board, except that the king is on h1 and the
knight on d7. This difference could favour Black, insofar as ...f5 works well.
In any case, that the black knight on the edge can no longer return to b7 in
the event of b2-b4. So Lenic puts it on c4, before a white knight pops up on
d2 and exchanges on c4, which led to a weakening of the black pawn structure
in Liviu-Dieter Nisipeanu's game.. Dies erinnert ein wenig an die
Romanishin-Variante, in der Schwarz 11...Bb7 spielt (statt Keres' 11...Nd7),
nach 12.d5 Nc4 kommt eine ganz ähnliche Stellung aufs Brett, bloß dass der
König auf h1 steht und der Springer auf d7. Dieser Unterschied könnte Schwarz
begünstigen, sofern ...f5 gut funktioniert. Wie auch immer, man bedenke, dass
der schwarze Randspringer im Fall von b2-b4 nicht mehr nach b7 zurückkehren
kann. Also stellt Lenic ihn nach c4, bevor ein weißer Springer auf d2
auftaucht und auf c4 abtauscht, was in der folgenden Partie von Liviu-Dieter
Nisipeanu zu einer Schwächung der schwarzen Bauernstruktur führte.} (13... f5
14. Nbd2 (14. exf5 Nc4 15. Nbd2 Nxd2 16. Qxd2 Nf6 17. Ng5 Bxd5 18. f4 Qc7 19.
Ne6 Bxe6 20. fxe6 Nh5 21. Qd5 Rad8 22. f5 Ng3+ 23. Kh2 Nxf5 24. Rf1 Nh4 25. Bg5
Ng6 26. h4 Nf4 27. Bxf4 exf4 28. g3 f3 29. Rxf3 Rxf3 30. Qxf3 Rf8 31. Qd3 g6
32. Rf1 Qc8 33. Rxf8+ {1/2-1/2 Kramnik,V (2807)-Ponomariov,R (2734), Linares
2003.}) 14... Nc4 $6 (14... Nb6 $5) 15. Nxc4 bxc4 {[%csl Rc4]} 16. exf5 Nf6 17.
Bg5 Nxd5 (17... Rb8 18. Bxf6 Bxf6 19. Be4 {[%csl Rc4][%cal Gf3d2]}) 18. Be4 $16
Bxg5 19. Bxd5+ Bxd5 20. Qxd5+ Kh8 21. Nxg5 Qxg5 22. Qxd6 Qxf5 23. Re2 e4 24.
Rd1 e3 25. fxe3 Qh5 26. Rdd2 Qf5 27. Kh2 Rf6 28. Qd5 Qxd5 29. Rxd5 Rc8 30. Re5
Rb6 31. Re4 Rcb8 32. Rxc4 Rxb2 33. Rxb2 Rxb2 34. Rxc5 Kg8 35. Ra5 Re2 36. Rxa6
Rxe3 37. Rc6 Re2 38. a4 Ra2 39. Rc4 Kf7 40. h4 Kf6 41. Kg3 Ke5 42. Kf3 g6 43.
g3 Ra1 44. Kg4 h6 45. h5 g5 46. Rc6 Rxa4+ 47. c4 Ke4 48. Re6+ Kd3 49. Rxh6 {
1-0 Nisipeanu,L (2683)-Rapport,R (2523), Baile Herculane 2010.}) (13... g6 14.
Nbd2 Kh8 15. b4 cxb4 16. cxb4 Nc4 17. Nxc4 bxc4 18. Bh6 Rg8 19. Be3 Rc8 20. Rc1
Qf8 21. Ba4 $14 {1-0 (42.) Bologan,V (2682)-Olszewski,M (2414), Warsaw 2005.})
14. b3 (14. g4 Re8 {[%csl Rf4][%cal Gd7f8,Gf8g6,Gg6f4]} 15. b3 Ncb6 16. Nbd2
Nf8 17. Nf1 Ng6 18. Ng3 Nf4 19. Bxf4 exf4 20. Nh5 g6 21. Nxf4 Bf6 $44 {1-0 (46.
) Huerga Leache,M (2456)-Garbisu de Goni,U (2467), Pamplona 2009.}) (14. Nbd2
Nxd2 15. Bxd2 f5 16. exf5 Bxd5 $13) 14... Ncb6 15. a4 bxa4 {Black should not
allow the queenside to be locked up tight (with a5/b4). Schwarz sollte nicht
zulassen, dass der den Damenflügel verriegelt wird (mit a5/b4).} ({With this
in mind In diesem Sinne war auch} 15... c4 $5 {was also worth considering, e.g.
eine Überlegung wert, z.B.} 16. bxc4 (16. b4 f5 $1 {Here, exceptionally, the
closing down of the queenside is acceptable, because Black manages to
undermine the d5-pawn in time. Hier ist die Verriegelung des Damenflügels
ausnahmsweise akzeptabel, denn Schwarz schafft es rechtzeitig, den Bauern d5
zu unterminieren.} 17. a5 fxe4 18. Bxe4 Na4 $132 {[%csl Rc3,Rd5][%cal Gd7f6,
Gb7d5,Gf6d5,Ga4c3]}) (16. a5 cxb3 17. Bxb3 Nc4) 16... Nxc4 17. Nbd2 Qc7 18.
Nxc4 Qxc4 19. Be3 $5 Qxc3 (19... f5 20. Bb3 Qxc3 21. exf5) 20. Qb1 Rfb8 21. Rc1
$44 {1-0 (63.) Klauner,T (2468)-Jandek,S (2458), ICCF email 2008.}) 16. bxa4 a5
17. Na3 {[%csl Gb5,Gc4][%cal Ga3c4,Ga3b5]} f5 18. exf5 ({Also in the event of
Auch im Fall von} 18. c4 {Black plays, e.g. spielt Schwarz mit, z.B.} fxe4 (
18... f4 $5 19. Rb1 g5) 19. Bxe4 Nf6 {[%csl Gb7][%cal Gb7c8]}) 18... Nxd5 19.
Nb5 Kh8 20. c4 (20. Be4 N7f6 $13) 20... Nb4 21. Bb1 Nb6 22. Nd2 Bf6 23. Qh5 d5
24. cxd5 N6xd5 25. Ne4 Nf4 26. Bxf4 exf4 27. Ng5 $6 (27. Nxf6 Qxf6 28. Ra3 $13)
27... h6 (27... Bxg5 $5 28. f6 Bh6 29. fxg7+ Kxg7) 28. Nf7+ Rxf7 29. Qxf7 Bd5
30. Qg6 f3 31. g4 $2 Qd7 32. Rd1 Re8 33. Nd6 Re7 (33... Re2 $1 $19) 34. Ne4 $5
Bxa1 35. f6 Bxe4 $4 {Here, proably pressed for time, GM Luka Lenic, lets the
well-played game slip away from him. Hier entgleitet GM Luka Lenic, vermutlich
zeitnotbedingt, die gut gespielte Partie.} (35... gxf6 36. Qxh6+ Kg8 $19) 36.
Rxd7 Bxg6 37. fxe7 1-0

[Event "Moscow International-A"]
[Site "Moscow"]
[Date "1985.04.??"]
[Round "?"]
[White "Geller, Efim P"]
[Black "Romanishin, Oleg M"]
[Result "1/2-1/2"]
[WhiteElo "2540"]
[BlackElo "2570"]
[Annotator "Dolmatov,S"]
[PlyCount "169"]
[EventDate "1985.04.12"]
[EventType "tourn"]
[EventRounds "11"]
[EventCountry "URS"]
[EventCategory "13"]
[SourceTitle "MCL"]
[Source "ChessBase"]
[SourceDate "1999.07.01"]
[SourceVersion "1"]
[SourceVersionDate "1999.07.01"]
[SourceQuality "1"]

1. e4 e5 2. Nf3 Nc6 3. Bb5 a6 4. Ba4 Nf6 5. O-O Be7 6. Re1 b5 7. Bb3 d6 8. c3
O-O 9. h3 Na5 10. Bc2 c5 11. d4 Nc6 12. d5 Na5 13. Nbd2 g6 (13... c4 14. Nf1
Nb7 15. g4 h5 16. gxh5 Bxh3 17. N3h2 Nh7 18. Ne3 Bg5 19. Qf3 Bd7 20. Kh1 Bf4
$14 {Spassky,B-Olafsson,F/Moscow/1959/}) 14. b4 Nb7 15. a4 Bd7 16. Nf1 Qc7 (
16... Ne8 17. Be3 Qc7 18. axb5 Bxb5 19. Ba4 $14 {Gufeld,E-Krogius,N/URS/1960/})
17. Bh6 $6 (17. Be3 Rfc8 18. Ra2) (17. axb5 Bxb5 18. Bh6) 17... Rfc8 18. axb5
cxb4 (18... Bxb5 19. Ba4 cxb4 20. cxb4 Qc4) 19. bxa6 Nc5 20. cxb4 Nxa6 21. Ba4
Nxb4 22. Bxd7 Rxa1 23. Qxa1 $10 Nxd7 24. Rc1 Nc5 25. Ng3 $6 (25. Be3 Nbd3 26.
Rc3 Qb7 27. N1d2 $10) 25... Nbd3 26. Rc3 Qb7 27. Ra3 Bf8 28. Be3 Rb8 29. Ra7 (
29. Nd2 Qb2 30. Qxb2 Rxb2 31. Ra8 $10) 29... Qb1+ 30. Qxb1 Rxb1+ 31. Kh2 Rb7
32. Rxb7 Nxb7 33. Nd2 Be7 34. Nc4 $2 (34. Kg1 $5 $10) 34... Bh4 35. Bb6 Kf8 36.
Nh1 Ke7 37. g3 $6 (37. Kg1 Nbc5 38. f3 f5 39. g3 Bg5 40. Bxc5 Nxc5 41. Nf2 $10)
37... Bg5 38. f3 $2 (38. Kg2 f5 39. f3 f4 40. g4 Bh4 41. Kf1 $10) 38... Ne1 39.
f4 exf4 $17 40. Kg1 Nd3 41. Nf2 Ndc5 42. Kg2 fxg3 43. Kxg3 h5 (43... Bf6 44.
Kf4 Bd4 $17) 44. e5 dxe5 45. Nxe5 Bf6 46. Nc4 Bd4 47. Bc7 Bxf2+ (47... Kd7 48.
Bb8 $15) 48. Kxf2 Ne4+ 49. Kf3 Nf6 50. Ne3 Nc5 $6 (50... Nd6 51. Kf4 Nfe4 $15)
51. Bf4 Ncd7 52. h4 Ke8 53. Bc7 Ke7 54. Bf4 Ne8 55. Ke4 f6 56. Nc4 Nc5+ 57. Kd4
Nb7 58. Bb8 Ng7 59. Ne3 Kd7 60. Bf4 Ne8 (60... Nd6 $5 61. Bxd6 Kxd6 62. Nc4+
Kd7 63. Ne3 Ne8 $15) 61. Bg3 Ned6 62. Be1 Nd8 63. Bg3 N8f7 64. Bf4 Nb5+ 65. Kc4
Nfd6+ 66. Kd3 Nb7 (66... Kc7 67. Nc4) 67. Kc4 N5d6+ 68. Kd4 Na5 69. Kc3 Ne4+
70. Kd4 Nf2 71. Bb8 Ng4 72. Nxg4 hxg4 73. Ke4 $10 Nc4 74. Kf4 Kc8 75. Ba7 Ne5
76. Bg1 Kd7 77. Bh2 Kd6 78. Ke4 Ke7 79. Kf4 Nc4 80. Kxg4 Ne3+ 81. Kf3 Nxd5 82.
Kg4 Ne3+ 83. Kf4 Nc4 84. Bg1 Ke6 85. Bd4 1/2-1/2